<?xml version="1.0" encoding="UTF-8"?><marc:collection xmlns:marc="http://www.loc.gov/MARC21/slim">
  <marc:record>
    <marc:leader>04029nas a2200661 c 4500</marc:leader>
    <marc:controlfield tag="001">010058397</marc:controlfield>
    <marc:controlfield tag="003">DE-101</marc:controlfield>
    <marc:controlfield tag="005">20250115003015.0</marc:controlfield>
    <marc:controlfield tag="007">tu</marc:controlfield>
    <marc:controlfield tag="008">991118c19719999gw w||n|  |l| 0||||1ger c</marc:controlfield>
    <marc:datafield tag="015" ind1=" " ind2=" ">
      <marc:subfield code="a">97,A22,0531</marc:subfield>
      <marc:subfield code="2">dnb</marc:subfield>
    </marc:datafield>
    <marc:datafield tag="016" ind1="7" ind2=" ">
      <marc:subfield code="2">DE-600</marc:subfield>
      <marc:subfield code="a">956959-5</marc:subfield>
    </marc:datafield>
    <marc:datafield tag="016" ind1="7" ind2=" ">
      <marc:subfield code="2">DE-101</marc:subfield>
      <marc:subfield code="a">010058397</marc:subfield>
    </marc:datafield>
    <marc:datafield tag="035" ind1=" " ind2=" ">
      <marc:subfield code="a">(DE-599)ZDB956959-5</marc:subfield>
    </marc:datafield>
    <marc:datafield tag="035" ind1=" " ind2=" ">
      <marc:subfield code="a">(OCoLC)724256421</marc:subfield>
    </marc:datafield>
    <marc:datafield tag="040" ind1=" " ind2=" ">
      <marc:subfield code="a">9001</marc:subfield>
      <marc:subfield code="b">ger</marc:subfield>
      <marc:subfield code="c">DE-101</marc:subfield>
      <marc:subfield code="d">9999</marc:subfield>
    </marc:datafield>
    <marc:datafield tag="041" ind1=" " ind2=" ">
      <marc:subfield code="a">ger</marc:subfield>
    </marc:datafield>
    <marc:datafield tag="042" ind1=" " ind2=" ">
      <marc:subfield code="a">zdb</marc:subfield>
    </marc:datafield>
    <marc:datafield tag="044" ind1=" " ind2=" ">
      <marc:subfield code="c">XA-DE</marc:subfield>
    </marc:datafield>
    <marc:datafield tag="082" ind1="7" ind2="4">
      <marc:subfield code="a">914.3</marc:subfield>
      <marc:subfield code="a">943</marc:subfield>
      <marc:subfield code="a">070</marc:subfield>
      <marc:subfield code="a">340</marc:subfield>
      <marc:subfield code="q">DE-600</marc:subfield>
      <marc:subfield code="2">22sdnb</marc:subfield>
    </marc:datafield>
    <marc:datafield tag="084" ind1=" " ind2=" ">
      <marc:subfield code="a">20</marc:subfield>
      <marc:subfield code="a">350</marc:subfield>
      <marc:subfield code="q">DE-101</marc:subfield>
      <marc:subfield code="2">sdnb</marc:subfield>
    </marc:datafield>
    <marc:datafield tag="090" ind1=" " ind2=" ">
      <marc:subfield code="n">rp</marc:subfield>
    </marc:datafield>
    <marc:datafield tag="110" ind1="1" ind2=" ">
      <marc:subfield code="0">(DE-588)4358321-0</marc:subfield>
      <marc:subfield code="0">https://d-nb.info/gnd/4358321-0</marc:subfield>
      <marc:subfield code="0">(DE-101)942948092</marc:subfield>
      <marc:subfield code="a">Weimar (Lahn)</marc:subfield>
      <marc:subfield code="e">Verfasser</marc:subfield>
      <marc:subfield code="4">aut</marc:subfield>
      <marc:subfield code="2">gnd</marc:subfield>
    </marc:datafield>
    <marc:datafield tag="245" ind1="1" ind2="0">
      <marc:subfield code="a">Mitteilungsblatt für die Gemeinde Weimar (Lahn)</marc:subfield>
      <marc:subfield code="b">amtliches Bekanntmachungsorgan der Gemeinde Weimar (Lahn) ; Argenstein, Allna, Niederweimar, Oberweimar, Roth, Wolfshausen, Nesselbrunn, Kehna, Weiershausen, Niederwalgern, Stedebach, Wenkbach</marc:subfield>
    </marc:datafield>
    <marc:datafield tag="247" ind1="0" ind2="0">
      <marc:subfield code="a">Mitteilungsblatt der Gemeinde Weimar, Gisselberg, Haddamshausen, Hermershausen und Roth</marc:subfield>
      <marc:subfield code="f">Hauptsacht. bis 4.1972,36</marc:subfield>
    </marc:datafield>
    <marc:datafield tag="247" ind1="0" ind2="0">
      <marc:subfield code="a">Mitteilungsblatt der Gemeinde Weismar, Gisselberg, Haddamshausen, Hermershausen</marc:subfield>
      <marc:subfield code="f">Hauptsacht. bis 4.1972,38</marc:subfield>
    </marc:datafield>
    <marc:datafield tag="247" ind1="0" ind2="0">
      <marc:subfield code="a">Mittleungsblatt der Gemeinde Weimar</marc:subfield>
      <marc:subfield code="f">Hauptsacht. 4.1972,39</marc:subfield>
    </marc:datafield>
    <marc:datafield tag="247" ind1="0" ind2="0">
      <marc:subfield code="a">Mitteilungsblatt der Gemeinde Weimar und der Gemeinden Gisselberg, Haddamshausen, Hermershausen</marc:subfield>
      <marc:subfield code="f">Hauptsacht. bis 6.1974,21</marc:subfield>
    </marc:datafield>
    <marc:datafield tag="247" ind1="0" ind2="0">
      <marc:subfield code="a">Mitteilungsblatt der Gemeinde Weimar</marc:subfield>
      <marc:subfield code="f">Hauptsacht. teils</marc:subfield>
    </marc:datafield>
    <marc:datafield tag="247" ind1="0" ind2="0">
      <marc:subfield code="a">Mitteilungsblatt für die Gemeinde Weimar</marc:subfield>
      <marc:subfield code="f">Hauptsacht. bis 42.2010,26</marc:subfield>
    </marc:datafield>
    <marc:datafield tag="247" ind1="0" ind2="0">
      <marc:subfield code="a">Wochenblatt mit öffentlichen Bekanntmachungen der Kommunalverwaltung</marc:subfield>
      <marc:subfield code="f">Zusatz früher</marc:subfield>
    </marc:datafield>
    <marc:datafield tag="264" ind1="3" ind2="1">
      <marc:subfield code="a">Herbstein</marc:subfield>
      <marc:subfield code="b">Linus Wittich Medien KG</marc:subfield>
      <marc:subfield code="c">1971-</marc:subfield>
    </marc:datafield>
    <marc:datafield tag="264" ind1="2" ind2="1">
      <marc:subfield code="3">früher</marc:subfield>
      <marc:subfield code="a">Herbstein</marc:subfield>
      <marc:subfield code="b">Wittich</marc:subfield>
    </marc:datafield>
    <marc:datafield tag="300" ind1=" " ind2=" ">
      <marc:subfield code="c">30 cm</marc:subfield>
    </marc:datafield>
    <marc:datafield tag="336" ind1=" " ind2=" ">
      <marc:subfield code="a">Text</marc:subfield>
      <marc:subfield code="b">txt</marc:subfield>
      <marc:subfield code="2">rdacontent</marc:subfield>
    </marc:datafield>
    <marc:datafield tag="337" ind1=" " ind2=" ">
      <marc:subfield code="a">ohne Hilfsmittel zu benutzen</marc:subfield>
      <marc:subfield code="b">n</marc:subfield>
      <marc:subfield code="2">rdamedia</marc:subfield>
    </marc:datafield>
    <marc:datafield tag="338" ind1=" " ind2=" ">
      <marc:subfield code="a">Band</marc:subfield>
      <marc:subfield code="b">nc</marc:subfield>
      <marc:subfield code="2">rdacarrier</marc:subfield>
    </marc:datafield>
    <marc:datafield tag="362" ind1="0" ind2=" ">
      <marc:subfield code="a">3.1971 -</marc:subfield>
    </marc:datafield>
    <marc:datafield tag="363" ind1="0" ind2="1">
      <marc:subfield code="8">1.1\x</marc:subfield>
      <marc:subfield code="i">1971</marc:subfield>
    </marc:datafield>
    <marc:datafield tag="515" ind1=" " ind2=" ">
      <marc:subfield code="a">Periodizität: wöchentl.</marc:subfield>
    </marc:datafield>
    <marc:datafield tag="583" ind1="1" ind2=" ">
      <marc:subfield code="a">Archivierung/Langzeitarchivierung gewährleistet</marc:subfield>
      <marc:subfield code="f">PEHE</marc:subfield>
      <marc:subfield code="5">DE-17</marc:subfield>
      <marc:subfield code="2">pdager</marc:subfield>
    </marc:datafield>
    <marc:datafield tag="591" ind1=" " ind2=" ">
      <marc:subfield code="a">(üa/Z) 4!(20-11-02)</marc:subfield>
    </marc:datafield>
    <marc:datafield tag="655" ind1=" " ind2="7">
      <marc:subfield code="0">(DE-588)4067510-5</marc:subfield>
      <marc:subfield code="0">https://d-nb.info/gnd/4067510-5</marc:subfield>
      <marc:subfield code="0">(DE-101)040675106</marc:subfield>
      <marc:subfield code="a">Zeitung</marc:subfield>
      <marc:subfield code="2">gnd-content</marc:subfield>
    </marc:datafield>
    <marc:datafield tag="655" ind1=" " ind2="7">
      <marc:subfield code="0">(DE-588)4177435-8</marc:subfield>
      <marc:subfield code="0">https://d-nb.info/gnd/4177435-8</marc:subfield>
      <marc:subfield code="0">(DE-101)041774353</marc:subfield>
      <marc:subfield code="a">Regionalzeitung</marc:subfield>
      <marc:subfield code="2">gnd-content</marc:subfield>
    </marc:datafield>
    <marc:datafield tag="655" ind1=" " ind2="7">
      <marc:subfield code="0">(DE-588)4142300-8</marc:subfield>
      <marc:subfield code="0">https://d-nb.info/gnd/4142300-8</marc:subfield>
      <marc:subfield code="0">(DE-101)041423003</marc:subfield>
      <marc:subfield code="a">Amtliche Publikation</marc:subfield>
      <marc:subfield code="2">gnd-content</marc:subfield>
    </marc:datafield>
    <marc:datafield tag="710" ind1="1" ind2=" ">
      <marc:subfield code="0">(DE-588)2012491-0</marc:subfield>
      <marc:subfield code="0">https://d-nb.info/gnd/2012491-0</marc:subfield>
      <marc:subfield code="0">(DE-101)004717058</marc:subfield>
      <marc:subfield code="a">Gisselberg</marc:subfield>
      <marc:subfield code="e">Herausgebendes Organ</marc:subfield>
      <marc:subfield code="4">isb</marc:subfield>
      <marc:subfield code="2">gnd</marc:subfield>
    </marc:datafield>
    <marc:datafield tag="710" ind1="1" ind2=" ">
      <marc:subfield code="0">(DE-588)2012928-2</marc:subfield>
      <marc:subfield code="0">https://d-nb.info/gnd/2012928-2</marc:subfield>
      <marc:subfield code="0">(DE-101)004721063</marc:subfield>
      <marc:subfield code="a">Haddamshausen</marc:subfield>
      <marc:subfield code="e">Herausgebendes Organ</marc:subfield>
      <marc:subfield code="4">isb</marc:subfield>
      <marc:subfield code="2">gnd</marc:subfield>
    </marc:datafield>
    <marc:datafield tag="710" ind1="1" ind2=" ">
      <marc:subfield code="0">(DE-588)4359020-2</marc:subfield>
      <marc:subfield code="0">https://d-nb.info/gnd/4359020-2</marc:subfield>
      <marc:subfield code="0">(DE-101)943040221</marc:subfield>
      <marc:subfield code="a">Hermershausen</marc:subfield>
      <marc:subfield code="e">Herausgebendes Organ</marc:subfield>
      <marc:subfield code="4">isb</marc:subfield>
      <marc:subfield code="2">gnd</marc:subfield>
    </marc:datafield>
    <marc:datafield tag="710" ind1="1" ind2=" ">
      <marc:subfield code="0">(DE-588)1353273377</marc:subfield>
      <marc:subfield code="0">https://d-nb.info/gnd/1353273377</marc:subfield>
      <marc:subfield code="0">(DE-101)1353273377</marc:subfield>
      <marc:subfield code="a">Roth</marc:subfield>
      <marc:subfield code="g">Landkreis Marburg</marc:subfield>
      <marc:subfield code="e">Herausgebendes Organ</marc:subfield>
      <marc:subfield code="4">isb</marc:subfield>
      <marc:subfield code="2">gnd</marc:subfield>
    </marc:datafield>
    <marc:datafield tag="751" ind1=" " ind2=" ">
      <marc:subfield code="0">(DE-588)4358321-0</marc:subfield>
      <marc:subfield code="0">https://d-nb.info/gnd/4358321-0</marc:subfield>
      <marc:subfield code="0">(DE-101)942948092</marc:subfield>
      <marc:subfield code="a">Weimar (Lahn)</marc:subfield>
      <marc:subfield code="e">Verbreitungsort</marc:subfield>
      <marc:subfield code="4">dbp</marc:subfield>
      <marc:subfield code="2">gnd</marc:subfield>
    </marc:datafield>
    <marc:datafield tag="751" ind1=" " ind2=" ">
      <marc:subfield code="0">(DE-588)2012491-0</marc:subfield>
      <marc:subfield code="0">https://d-nb.info/gnd/2012491-0</marc:subfield>
      <marc:subfield code="0">(DE-101)004717058</marc:subfield>
      <marc:subfield code="a">Gisselberg</marc:subfield>
      <marc:subfield code="e">Verbreitungsort</marc:subfield>
      <marc:subfield code="4">dbp</marc:subfield>
      <marc:subfield code="2">gnd</marc:subfield>
    </marc:datafield>
    <marc:datafield tag="751" ind1=" " ind2=" ">
      <marc:subfield code="0">(DE-588)2012928-2</marc:subfield>
      <marc:subfield code="0">https://d-nb.info/gnd/2012928-2</marc:subfield>
      <marc:subfield code="0">(DE-101)004721063</marc:subfield>
      <marc:subfield code="a">Haddamshausen</marc:subfield>
      <marc:subfield code="e">Verbreitungsort</marc:subfield>
      <marc:subfield code="4">dbp</marc:subfield>
      <marc:subfield code="2">gnd</marc:subfield>
    </marc:datafield>
    <marc:datafield tag="751" ind1=" " ind2=" ">
      <marc:subfield code="0">(DE-588)4359020-2</marc:subfield>
      <marc:subfield code="0">https://d-nb.info/gnd/4359020-2</marc:subfield>
      <marc:subfield code="0">(DE-101)943040221</marc:subfield>
      <marc:subfield code="a">Hermershausen</marc:subfield>
      <marc:subfield code="e">Verbreitungsort</marc:subfield>
      <marc:subfield code="4">dbp</marc:subfield>
      <marc:subfield code="2">gnd</marc:subfield>
    </marc:datafield>
    <marc:datafield tag="776" ind1="0" ind2="8">
      <marc:subfield code="i">Erscheint auch als</marc:subfield>
      <marc:subfield code="n">E-Paper-Ausgabe</marc:subfield>
      <marc:subfield code="t">Mitteilungsblatt für die Gemeinde Weimar (Lahn)</marc:subfield>
      <marc:subfield code="d">Herbstein : Linus Wittich Medien KG, [2021?]-</marc:subfield>
      <marc:subfield code="h">Online-Ressource</marc:subfield>
      <marc:subfield code="w">(DE-600)3044300-3</marc:subfield>
      <marc:subfield code="w">(DE-101)1220839485</marc:subfield>
    </marc:datafield>
    <marc:datafield tag="780" ind1="0" ind2="0">
      <marc:subfield code="i">Vorg.:</marc:subfield>
      <marc:subfield code="a">Gisselberg</marc:subfield>
      <marc:subfield code="t">Mitteilungsblatt der Gemeinden Gisselberg, Haddamshausen, Hermershausen, Niederweimar, Oberweimar und Roth</marc:subfield>
      <marc:subfield code="d">Reutlingen : Lütze, 1969-1970</marc:subfield>
      <marc:subfield code="w">(DE-600)965473-2</marc:subfield>
      <marc:subfield code="w">(DE-101)010171304</marc:subfield>
    </marc:datafield>
    <marc:datafield tag="850" ind1=" " ind2=" ">
      <marc:subfield code="a">DE-101a</marc:subfield>
      <marc:subfield code="a">DE-101b</marc:subfield>
    </marc:datafield>
    <marc:datafield tag="889" ind1=" " ind2=" ">
      <marc:subfield code="w">(DE-101)950059358</marc:subfield>
    </marc:datafield>
    <marc:datafield tag="925" ind1="r" ind2=" ">
      <marc:subfield code="a">ra</marc:subfield>
    </marc:datafield>
  </marc:record>
</marc:collection>
